Estatísticas para Países mais próximos ao Bahrein - corrida de um minuto

Clique aqui para jogar o quiz

Estatísticas Gerais

  • Esse quiz foi jogado 30 vezes
  • A pontuação média é 13 de 20

Estatísticas das Respostas

kmpaís% Correto
0Arábia Saudita
100%
1Catar
100%
191Irão
100%
771Iémen
93%
448Iraque
93%
509Omã
93%
1283Síria
93%
158Emirados
Árabes Unidos
82%
1088Paquistão
79%
322Kuweit
75%
1269Jordânia
71%
1449Egito
64%
1077Afeganistão
57%
1513Somália
36%
1325Turquia
36%
1513Eritreia
29%
1447Armênia
25%
1356Azerbaijão
18%
1449Sudão
18%
1264Turquemenistão
14%

Distribuição das Pontuações

Percentil de Números Respondidos

Porcentagem de Pessoas com Cada Pontuação

Sua Pontuação Histórica

Você não jogou esse quiz